| 000 | 00941pam a2200241 a 4500 | ||
|---|---|---|---|
| 005 | 20160315122349.0 | ||
| 008 | 900723s1991 njuab b 001 0 eng | ||
| 020 | _a0691087393 (tela: papel desacidificado) : | ||
| 040 |
_aDLC _cDLC _dDLC _dCO.BoIAVH |
||
| 041 | 0 | _aeng | |
| 044 | _axxu | ||
| 082 | 0 | 0 |
_a595.7649 _bD91b |
| 245 | 0 | 0 |
_aDung beetle ecology / _ceditado por Ilkka Hanski and Yves Cambefort. |
| 260 |
_aPrinceton, N.J. : _bPrinceton University Press, _cc1991. |
||
| 300 |
_axii, 481 páginas : _bilustraciones, mapas ; _c25 x 16 centímetros |
||
| 504 | _aIncluye referencias bibliográficas: páginas 421-463 e índices. | ||
| 650 | 6 |
_aEscarabajos del estiércol _xEcología. |
|
| 650 | 6 |
_aEscarabajos del estiércol _xpoblación |
|
| 650 | 6 |
_aEscarabajos del estiércol _xBiogeografía |
|
| 700 | 1 |
_aHanski, Ilkka. _eeditor |
|
| 700 | 1 |
_aCambefort, Yves, _d1945- _eeditor |
|
| 942 |
_2ddc _cLIBRO |
||
| 999 |
_c1568 _d1568 |
||